000 00970cam a22002891 4500
001 11003
003 BD-RjUL
005 20211208235043.0
008 140125s1960 nyua b 100 0 eng
035 _a(BD-RjUL)11052
035 _a(OCoLC)542074
040 _aDLC
_cOKentU
_dOCoLC
_dDLC
_dBD-RjUL
_beng
041 _aeng
082 0 0 _a551
_bROC 1960
111 2 _aSymposium on Rock Deformation
_d(1956 :
_cUniversity of California at Los Angeles)
_933995
245 1 0 _aRock deformation :
_ba symposium /
_cby David Griggs and John Handin, editors.
300 _axi, 382 p. :
_billus. (part col.) diagrs., tables.
_c26 cm.
410 2 0 _aGeological Society of America.
_tMemoir
_v79
504 _aIncludes index.
504 _aBibliography: p. 365-373.
650 0 _aGeophysics
_vCongresses.
_933996
700 1 _aGriggs, David,
_d1911-1974,
_eed.
_933997
700 1 _aHandin, John,
_eed.
_933998
942 _2ddc
_cBK
999 _c11003
_d11003